| 000 | 00952cam a22003011 4500 | ||
|---|---|---|---|
| 001 | 77125 | ||
| 003 | BD-RjUL | ||
| 005 | 20211209082929.0 | ||
| 008 | 770705r19561963enk b 000 0 eng | ||
| 035 | _a(BD-RjUL) | ||
| 035 | _a(OCoLC)3092644 | ||
| 040 |
_aDLC _cMiRochOU _dDLC _beng |
||
| 041 | _aeng | ||
| 042 | _apremarc | ||
| 082 |
_a820.9 _223 _bWIM 1963 |
||
| 100 | 1 |
_aWilley, Basil, _d1897-1978. _9239847 |
|
| 245 | 1 | 0 |
_aMore nineteenth century studies; _ba group of honest doubters./ _cBasil Willey |
| 260 |
_aLondon: _bChatto & Windus, _c1956.[1963] |
||
| 300 |
_a304 p. ; _c23 cm. |
||
| 504 | _aBibliographical footnotes. | ||
| 650 | 0 |
_aNineteenth century. _9239848 |
|
| 650 | 0 |
_aEnglish literature _y19th century _xHistory and criticism. _9239849 |
|
| 650 | 0 |
_aReligious thought _y19th century. _9239850 |
|
| 906 |
_a7 _bcbc _coclcrpl _du _encip _f19 _gy-gencatlg |
||
| 942 |
_2ddc _cBK |
||
| 999 |
_c77125 _d77125 |
||